02620nam a22002417a 450000500170000000700150001700800410003202000220007303500100009504000090010510000310011424501560014525600240030126000410032530000280036650015340039450602700192865000280219865000340222670000390226074000380229985600410233720240305165633.0cr|||| |||| 220517s2021 es |||||s|||| 00||0 spa d a978-84-123917-9-4 a35649 avLex1 aPiva Torres, Gianni Egidio10aTeoría de la antijuridicidad y las causas de justificaciónh[Recurso electrónico] /cGianni Egidio Piva Torres, José Sebastián Cornejo Aguiar aServicio en línea aBarcelona:bJ.M. Bosch Editor,c2021 a1 recurso electrónico aComo misión de vida es necesario poder escribir algo propio y que a la vez esto sea una experiencia muy personal ya que sin lugar a dudas esto no puede significar lo mismo para todos, debido a que escribir es conocer, aprender, descubrir, volar, viajar, sumergirte en un mar de sensaciones mediante cada una de las letras que se encuentran plasmadas, es por ello que en la presente ocasión se pone en consideración la presente obra que comprende doce capítulos con temas referentes a: «ESQUEMAS DEL DELITO »; «LA ANTIJURIDICIDAD»; «TEORÍAS EN TORNO A LA ANTIJURIDICIDAD»; «LA ANTIJURIDICIDAD Y EL INJUSTO PENAL»; «ANTIJURIDICIDAD Y SISTEMA DE LA TEORÍA DEL DELITO»; «CLASES DE ANTIJURIDICIDAD»; «EXCESO EN LAS CAUSAS DE EXCLUSIÓN DE LA ANTIJURIDICIDAD»; «CAUSAS DE EXCLUSIÓN DE LA ANTIJURIDICIDAD»; «LEGÍ- TIMA DEFENSA»; «CUMPLIMIENTO DE UNA ORDEN LEGÍTIMA Y EXPRESA DE AUTORIDAD COMPETENTE»; «DEBER LEGAL»; y, «ESTADO DE NECESIDAD». Capítulos que nos permiten entender y comprender la maravilla de la dogmática penal de una manera objetiva y con una estructura lógica, tal es así que la preocupación en la presente obra ha sido de realizar un recuento histórico, cuyo objetivo principal es dar al lector una visión de la necesidad y funcionalidad de varios aspectos dogmáticos que permiten dar a entender como la obra se constituye en una herramienta de consulta que versa de por si en la esencia de la antijuridicidad y las causas de justificación en materia penal.1 aDisponible solo en los productos indicadosdvLex GlobaldvLex Global (Academic Edition, excluding Law Schools)dvLex Global (U.S. Academic Edition, Law Schools)dvLex Global (U.S. Academic Edition, excluding Law Schools)dvLex Global (Academic Edition, Law Schools)04aDerecho PenalzEspaña04aProcedimiento PenalzEspaña1 aCornejo Aguiar, José Sebastián0 avLex Libros (Servicio en línea)40uhttps://app.vlex.com/#/sources/35649